000 01029 a2200229 4500
003 Nust
005 20221212112038.0
010 _a 88021451
020 _a0273027875
040 _cNust
082 0 0 _a621.3822,BAT
100 1 _aBateman, Andrew.
_9104633
245 1 0 _aDigital signal processing design /
_cAndrew Bateman, Warren Yates.
260 _aNew York, NY :
_bComputer Science Press,
_cc1989.
300 _a385 p. :
_bill. ;
_c24 cm.
490 1 _aElectrical engineering, communications, and signal processing
505 _a Fundamentals (Page-1), Theory and Application of Discrete Signal Processing (Page-43), Basic Programming Consideration (Page-87), Digital Filters (Page-125), Spectral Analysis and the FFT (Page-225), General Signal Processing Algorithms (Page-279), Hardware /Software Devices Support (Page-333).
650 0 _aTelecommunication Engineering
700 1 _aYates, Warren.
_9104634
830 0 _aElectrical engineering communications and signal processing series.
_996481
942 _2ddc
_cBK
999 _c182741
_d182741